2009 BCIS eTendering survey report (Record no. 109666)

MARC details
000 -LEADER
fixed length control field 01296cad a22002655a 4500
001 - CONTROL NUMBER
control field L147635
008 - FIXED-LENGTH DATA ELEMENTS--GENERAL INFORMATION
fixed length control field 090601s2009 xxkd f s 000 0 eng d
035 ## - SYSTEM CONTROL NUMBER
System control number (Sirsi) u147635
041 0# - LANGUAGE CODE
Language code of text/sound track or separate title eng
050 04 - LIBRARY OF CONGRESS CALL NUMBER
Classification number 658.404 $2 18
110 2# - MAIN ENTRY--CORPORATE NAME
Corporate name or jurisdiction name as entry element Building Cost Information Service
9 (RLIN) 1096
245 00 - TITLE STATEMENT
Title 2009 BCIS eTendering survey report
Medium [electronic resource]
260 ## - PUBLICATION, DISTRIBUTION, ETC.
Place of publication, distribution, etc. London
Name of publisher, distributor, etc. BCIS
Date of publication, distribution, etc. 2009
490 #0 - SERIES STATEMENT
Series statement BCIS e-Tendering Survey Report
505 2# - FORMATTED CONTENTS NOTE
Formatted contents note Summary -- Introduction -- The survey method and questions -- The survey results -- Conclusions -- Appendices
520 ## - SUMMARY, ETC.
Summary, etc. Presents the results of the BCIS e-tendering survey for 2009. The previous survey was done in 2006. Compares the answers from the 2006 survey sample to the full 2009 survey sample. Finds that there is an increase in the use of electronic transfers and of physical media to distribute electronic tenders as well as concerns about costs.
520 ## - SUMMARY, ETC.
Summary, etc. Etendering service was discontinued in 2014.
521 ## - TARGET AUDIENCE NOTE
Target audience note Advanced
590 ## - LOCAL NOTE (RLIN)
Local note KA NTK
650 24 - SUBJECT ADDED ENTRY--TOPICAL TERM
Topical term or geographic name entry element BCIS E-TENDERING SURVEY REPORT
651 #4 - SUBJECT ADDED ENTRY--GEOGRAPHIC NAME
Geographic name England and Wales
Chronological subdivision 1543-
690 ## - LOCAL SUBJECT ADDED ENTRY--TOPICAL TERM (OCLC, RLIN)
Topical term or geographic name as entry element Procurement
9 (RLIN) 6260
856 40 - ELECTRONIC LOCATION AND ACCESS
Uniform Resource Identifier <a href="https://www.rics.org/Global/2009_BCIS_eTendering_Survey_Report_pdf__2_.pdf">https://www.rics.org/Global/2009_BCIS_eTendering_Survey_Report_pdf__2_.pdf</a>
Public note View this report free of charge at www.bcis.co.uk...
942 ## - ADDED ENTRY ELEMENTS (KOHA)
Suppress in OPAC 0
Holdings
Withdrawn status Lost status Source of classification or shelving scheme Damaged status Not for loan Home library Current library Shelving location Date acquired Total Checkouts Full call number Barcode Date last seen Copy number Price effective from Koha item type
    Dewey Decimal Classification     Virtual Virtual Online 01/06/2009   ONLINE PUBLICATION 147635-2001 06/08/2019 1 06/08/2019 Book